Normal view
MARC view
Entry Topical Term
001 - CONTROL NUMBER
- control field: 53342
003 - CONTROL NUMBER IDENTIFIER
- control field: dpl
005 - DATE AND TIME OF LATEST TRANSACTION
- control field: 20121025115909.0
008 - FIXED-LENGTH DATA ELEMENTS
- fixed length control field: 121025|||a|||||| | ||| d
040 ## - CATALOGING SOURCE
- Original cataloging agency: dpl
- Transcribing agency: dpl
150 ## - HEADING--TOPICAL TERM
- Topical term or geographic name as entry element: Macroeconomics.
670 ## - SOURCE DATA FOUND
- Source citation: Work cat.: (dpl): Dornbusch, Rudiger 53341, Macroeconomics /, 2012
670 ## - SOURCE DATA FOUND
- Source citation: Work cat.: (dpl): Dornbusch, Rudiger 53341, Macroeconomics /, 2012
